LEADER 01043naa a2200217 u 4500 001 000000094398 003 CaOOAMICUS 005 20070226130138.0 008 040422s1977 gw u000 u ger u 020 $a3110072610 035 $a10991634 040 $aIAR$bita 100 1 $aMarkowski, Mieczys?aw.$0(OLS)http://pul/name/60684 245 14$aDie Schilderung des Guten und Bösen in der Chronica des Vincentius Kadlubek /$cMieczyslaw Markowski. 260 $aBerlin :$bW. de Gruyter,$c1977. 300 $aS. 271-285, ;$c25 cm 773 0 $aDie Mächte des Guten und Bösen : Vorstellungen im XII. und XIII. Jahrhundert über ihr Wirken in der Heilsgeschichte. 773 0 $tDie Mächte des Guten und Bösen : Vorstellungen im XII. u. XIII. Jh. über ihr Wirken in der Heilsgeschichte$w()18526 996 $6020$a3110072610$9(OLS)http://pul/number/23706 996 $6245$aDie Schilderung des Guten und Bösen in der Chronica des Vincentius Kadlubek$9(OLS)http://pul/title/121266 996 $6260$aBerlin :$bW. de Gruyter$9(OLS)http://pul/publisher/48032 LEADER 01260nam a2200301 u 4500 001 000000062718 003 CaOOAMICUS 005 20070226121150.0 008 011008s1998 it u000 u ita u 020 $a8831174193 035 $a10905680 040 $aPUL$bita 100 1 $aDi Nola, Gerardo.$0(OLS)http://pul/name/5673 245 13$aLo Spirito Santo anima del Vaticano II :$btesti conciliari, dei padri e del magistero /$cGerardo Di Nola. 260 $aRoma :$bCittà Nuova,$c1998. 300 $a294 p. ;$c21 cm 504 $aBibliografia in nota. 611 24$aConcilium Vaticanum$n(2 :$d1962-1965).$0(OLS)http://pul/subject/71 650 4$aSpiritus Sanctus.$0(OLS)http://pul/subject/903 850 $aPUL 852 $aPUL$W1$xDP2 Religione 3$y114$m231. 3 DINGE 1$j175831$nBK-PRI$b $qDDC 21$B81492$CPULBib$Z2$F81492 $H85185 $81 941 1 $a9 960 $aConcilio Vaticano II (1962-1965)$971 960 $aSpirito Santo$9903 961 $aINV: 85185 996 $6020$a8831174193$9(OLS)http://pul/number/81384 996 $6245$aLo Spirito Santo anima del Vaticano II :$btesti conciliari, dei padri e del magistero$9(OLS)http://pul/title/83661 996 $6260$aRoma :$bCittà Nuova$9(OLS)http://pul/publisher/47927